000
00255nam a2200109Ia 4500
008
200302s9999 xx 000 0 und d
100
_a
Rob Krier
245
_a
Architectural Composition
260
_b
Academy Editions Ltd.
260
_c
1988
300
_a
320 P.,
999
_c
858
_d
858